| 000 | 00693nam a2200217 a 4500 | ||
|---|---|---|---|
| 001 | 2360 | ||
| 003 | CDMR | ||
| 005 | 20131202180617.0 | ||
| 008 | 130130s1972||||||||||||||||||||||||||||d | ||
| 040 |
_aCDMR _bcat _cCDMR |
||
| 100 | 1 |
_aCazeneuve, Jean _9751 |
|
| 245 | 1 | 3 |
_aLa société de l'ubiquité _b: comumunication et diffusion _cJean Cazeneuve |
| 260 |
_aParis _c1972 _bDenoël / Gonthier |
||
| 300 | _a420 p. | ||
| 490 | 0 |
_aGrand Format. _aMédiations |
|
| 650 | 0 | 4 |
_93156 _aSocietat de la informació |
| 650 | 0 | 4 |
_92757 _aMitjans de comunicació de massa _xAspectes socials |
| 650 | 0 | 4 |
_91243 _aComunicació _xInnovacions tecnològiques |
| 650 | 0 | 4 |
_93478 _aCultura de massa |
| 942 |
_cMON _2udc |
||
| 999 |
_c2360 _d2360 |
||